| 000 | 00403nam a2200145Ia 4500 | ||
|---|---|---|---|
| 008 | 220217s9999||||xx |||||||||||||| ||und|| | ||
| 020 | _a0-07-46391-3 | ||
| 082 | _a621.381 5 EDM | ||
| 100 | _aEdminister, Joseph Nahvi, Mahamood | ||
| 245 | 0 | _aTheory and prablems of electronic circuits | |
| 250 | _a3rd | ||
| 260 |
_aTata mcgraw hill _bNew Delhi _c1999 |
||
| 300 | _b175 | ||
| 650 | _aCIRCUITRY | ||
| 999 |
_c165432 _d165432 |
||